[SANTÉ] Présenter un sujet de santé publique: l’insuffisance cardiaque
Na minha lista:
| Autor principal: | |
|---|---|
| Formato: | Livro |
| Idioma: | francês |
| Publicado em: |
Issy-les-Moulineaux
RFI Savoirs
2023
|
| Edição: | 1ère édition |
| Assuntos: | |
| Tags: |
Sem tags, seja o primeiro a adicionar uma tag!
|
MARC
| LEADER | 00000nlm a2200000 4500 | ||
|---|---|---|---|
| 001 | 0305805 | ||
| 005 | 20250102120020.9 | ||
| 041 | 0 | |a fre | |
| 044 | |a FR | ||
| 245 | 1 | 0 | |a [SANTÉ] Présenter un sujet de santé publique: l’insuffisance cardiaque |c Florence Agnés Marguerite Gajdošová |
| 250 | |a 1ère édition | ||
| 264 | 1 | |a Issy-les-Moulineaux |b RFI Savoirs |c 2023 | |
| 300 | |a [5 s.] |e zvuková nahrávka | ||
| 610 | 2 | 0 | |a francúzština |
| 610 | 2 | 0 | |a jazykoveda |
| 610 | 2 | 0 | |a jazyk odborný |
| 610 | 2 | 0 | |a jazyky cudzie |
| 610 | 2 | 0 | |a zásoba slovná |
| 610 | 2 | 0 | |a gramatika |
| 610 | 2 | 0 | |a terminológia |
| 100 | 1 | |a Gajdošová, Florence Agnés Marguerite, 1977- | |